000 00450nam a2200169Ia 4500
999 _c20509
_d20509
003 OSt
005 20201014121300.0
008 190216s9999||||xx |||||||||||||| ||und||
040 _coclc
082 _a954
_bCHO/H
100 _aChoudhury, S
_91534
245 0 _aHow India Won Freedom /
_cS Choudhury
260 _bS Chand & Co,
_c1987.
_aNew Delhi:
300 _a148p
650 _aIndian History
942 _cBK
_2ddc
_h9*54
_iCHO/H
_k954
_mCHO/H